UEFA Champions League Top scorers - Statistics

General Stats
  • This quiz has been taken 44 times
    11 since last reset
  • The average score is 14 of 16
Answer Stats
Goals Nationalty Goals per club(s) Player % Correct
140 Portugal Manchester United (21), Real Madrid (105), Juventus (14) Cristiano Ronaldo
100%
129 Argentina Barcelona (120), Paris Saint-Germain (9) Lionel Messi
100%
94 Poland Borussia Dortmund (17), Bayern Munich (69), Barcelona (8) Robert Lewandowski
100%
54 Germany Bayern Munich (54) Thomas Müller
100%
48 France Monaco (6), Paris Saint-Germain (42) Kylian Mbappé
91%
44 Egypt Basel (2), Roma (1), Liverpool (41) Mohamed Salah
91%
50 France Monaco (7), Arsenal (357), Barcelona (86) Thierry Henry
91%
48 Sweden Ajax (6), Juventus (3), Inter Milan (6), Barcelona (4), Milan (9), Paris Saint-Germain (20) Zlatan Ibrahimović
91%
44 Ivory Coast Marseille (5), Chelsea (36), Galatasaray (3) Didier Drogba
82%
46 Italy Juventus (17), Milan (29) Filippo Inzaghi
82%
90 France Lyon (12), Real Madrid (78) Karim Benzema
82%
71 Spain Real Madrid (66), Schalke 04 (5) Raúl
82%
48 Ukraine Dynamo Kyiv (15), Milan (29), Chelsea (4) Andriy Shevchenko
73%
46 Portugal Benfica (46) Eusébio
73%
56 The Netherlands PSV Eindhoven (8), Manchester United (35), Real Madrid (13) Ruud van Nistelrooy
73%
49 Argentina / Spain Real Madrid (49) Alfredo Di Stéfano
64%
No matching quizzes found
Score Distribution
Percent of People with Each Score
Percentile by Number Answered
Your Score History
You have not taken this quiz since the last reset